[Event "ROM-ch U10 Girls"]
[Site "Calimanesti Caciulata"]
[Date "2019.04.22"]
[Round "9.14"]
[White "Aldea, Maria Antonia"]
[Black "Bugan, Maria Teodora"]
[Result "0-1"]
[WhiteElo "1086"]
[BlackElo "1018"]
[PlyCount "86"]
[EventDate "2019.04.15"]
[EventType "swiss"]
[EventRounds "9"]
[EventCountry "ROU"]
[SourceTitle "EXT 2024"]
[Source "ChessBase"]
[SourceDate "2023.10.10"]
[SourceVersion "1"]
[SourceVersionDate "2023.10.10"]
[SourceQuality "1"]

1. e4 e5 2. Nf3 Nc6 3. Bc4 Be7 4. Nc3 h6 5. d3 Nf6 6. h3 0-0 7. 0-0 Nh7 8. Be3 Ng5 9. Nd5 Nxf3+ 10. Qxf3 d6 11. Nxe7+ Qxe7 12. Rfe1 Kh8 13. Qd1 Be6 14. Bb3 Bxb3 15. axb3 f5 16. f3 f4 17. Bf2 Qf6 18. c3 Rad8 19. Bxa7 b6 20. Ra6 Ra8 21. Qa1 Qh4 22. Re2 h5 23. Bxb6 Rxa6 24. Qxa6 cxb6 25. Qxb6 Ne7 26. Qf2 Qf6 27. Rd2 d5 28. exd5 Nxd5 29. d4 Ne3 30. dxe5 Qxe5 31. Rd4 Nf5 32. Re4 Qd6 33. Kh2 Ne3 34. Rd4 Qa6 35. Ra4 Qd3 36. Rd4 Qb1 37. Rd7 Nf1+ 38. Qxf1 Qxf1 39. c4 Rf6 40. Rd5 Rg6 41. Rxh5+ Kg8 42. Rg5 Rxg5 43. g4 Re5 0-1

[Event "ROM-ch U10 Girls"]
[Site "Calimanesti Caciulata"]
[Date "2019.04.17"]
[Round "3.11"]
[White "Onica, Maya Briana"]
[Black "Bugan, Maria Teodora"]
[Result "0-1"]
[WhiteElo "1046"]
[BlackElo "1018"]
[PlyCount "82"]
[EventDate "2019.04.15"]
[EventType "swiss"]
[EventRounds "9"]
[EventCountry "ROU"]
[SourceTitle "EXT 2024"]
[Source "ChessBase"]
[SourceDate "2023.10.10"]
[SourceVersion "1"]
[SourceVersionDate "2023.10.10"]
[SourceQuality "1"]

1. e4 e5 2. Bc4 Nc6 3. Nf3 Be7 4. 0-0 h6 5. h3 Nf6 6. Nc3 0-0 7. d3 Nd4 8. Bd2 d6 9. Nxd4 exd4 10. Qf3 dxc3 11. bxc3 Kh8 12. d4 Nh7 13. Qh5 f6 14. e5 dxe5 15. Bd3 Ng5 16. Bxg5 fxg5 17. Qg6 Kg8 18. Qh7+ Kf7 19. Qg6+ Kg8 20. Bc4+ Kh8 21. dxe5 Bf5 22. Qh5 Qe8 23. Qe2 Qg6 24. Rad1 Bxc2 25. Rd7 Bc5 26. e6 Qe4 27. Qh5 Qxc4 28. Qg6 Bxg6 29. e7 Rfe8 30. Rxc7 Rxe7 31. Rxe7 Bxe7 32. Re1 Bd6 33. Rc1 Qf4 34. f3 Qe3+ 35. Kf1 Qxc1+ 36. Ke2 Re8+ 37. Kf2 Bc5+ 38. Kg3 Qe1+ 39. Kg4 h5+ 40. Kxg5 Bf7 41. Kf5 Qe5# 0-1

[Event "ROM-ch U10 Girls"]
[Site "Calimanesti Caciulata"]
[Date "2019.04.16"]
[Round "2.6"]
[White "Bugan, Maria Teodora"]
[Black "Litcanu, Daria Tiana"]
[Result "0-1"]
[WhiteElo "1018"]
[BlackElo "1161"]
[PlyCount "73"]
[EventDate "2019.04.15"]
[EventType "swiss"]
[EventRounds "9"]
[EventCountry "ROU"]
[SourceTitle "EXT 2024"]
[Source "ChessBase"]
[SourceDate "2023.10.10"]
[SourceVersion "1"]
[SourceVersionDate "2023.10.10"]
[SourceQuality "1"]

1. d4 d5 2. c4 e6 3. Nc3 c5 4. e3 Nf6 5. Nf3 Nc6 6. b3 cxd4 7. exd4 Bb4 8. Bd2 0-0 9. Bd3 Qa5 10. Qc2 Ne4 11. Rc1 Qxa2 12. 0-0 Nxc3 13. Bxc3 Qxc2 14. Rxc2 Bxc3 15. Rxc3 dxc4 16. Bxc4 a6 17. Rd1 b5 18. Be2 Nb4 19. h3 Nd5 20. Rc2 Bb7 21. Ne5 Rac8 22. Rc5 Rxc5 23. dxc5 Nc3 24. Rd2 Nxe2+ 25. Rxe2 Rd8 26. c6 Ba8 27. Rc2 Rc8 28. Rc3 f6 29. Nd7 Rxc6 30. Rxc6 Bxc6 31. Nb6 Bb7 32. Kf1 Kf7 33. Nd7 Ke7 34. Nb6 Kd6 35. Ke2 Kc5 36. Na4+ bxa4 37. bxa4 0-1